[Event "Titled Tuesday intern op 04th Jun Early"]
[Site "Chess.com INT"]
[Date "2024.06.04"]
[Round "4"]
[White "Jagirapu, Harshin Reddy"]
[Black "Donskov, Anatoly"]
[Result "1-0"]
[WhiteElo "2029"]
[BlackElo "2279"]
[PlyCount "49"]
[EventDate "2024.06.04"]
[EventType "swiss (blitz)"]
[EventRounds "11"]
[EventCountry "USA"]
[SourceTitle "EXT 2025"]
[Source "ChessBase"]
[SourceDate "2024.10.14"]
[SourceVersion "1"]
[SourceVersionDate "2024.10.14"]
[SourceQuality "1"]

1. e4 c5 2. Nf3 a6 3. c4 e6 4. Nc3 Qc7 5. d4 cxd4 6. Nxd4 b6 7. Be3 Bb7 8. Be2 Nf6 9. f3 h5 10. 0-0 h4 11. Kh1 Nh5 12. f4 g6 13. Qe1 Be7 14. Rc1 d6 15. f5 gxf5 16. Nd5 exd5 17. cxd5 Qd8 18. Nxf5 Nd7 19. Bxh5 Nf6 20. Bf3 Qd7 21. Bxb6 Rc8 22. Rxc8+ Bxc8 23. Qc3 h3 24. g3 Qb5 25. Qxc8+ 1-0

[Event "Titled Tuesday intern op 16th Apr Early"]
[Site "Chess.com INT"]
[Date "2024.04.16"]
[Round "10"]
[White "Rogov, Matfey"]
[Black "Donskov, Anatoly"]
[Result "1-0"]
[WhiteElo "2191"]
[BlackElo "2279"]
[PlyCount "47"]
[EventDate "2024.04.16"]
[EventType "swiss (blitz)"]
[EventRounds "11"]
[EventCountry "USA"]
[SourceTitle "CBM 219 Extra"]
[Source "ChessBase"]
[SourceDate "2024.05.31"]
[SourceVersion "1"]
[SourceVersionDate "2024.05.31"]
[SourceQuality "1"]

1. Na3 d5 2. d4 Nf6 3. c4 e6 4. Nf3 Be7 5. Bg5 0-0 6. Nc2 c6 7. e3 Nbd7 8. Bd3 h6 9. Bxf6 Nxf6 10. c5 b6 11. b4 a5 12. a3 b5 13. Ne5 Bd7 14. Qf3 Qc7 15. h4 Ra6 16. g4 axb4 17. Nxb4 Ra4 18. g5 Ne4 19. gxh6 g6 20. h7+ Kg7 21. h5 g5 22. h6+ Kh8 23. Nxf7+ Rxf7 24. Qxf7 1-0

[Event "Titled Tuesday intern op 02nd Apr Early"]
[Site "Chess.com INT"]
[Date "2024.04.02"]
[Round "11"]
[White "Donskov, Anatoly"]
[Black "Arslanov, Shamil"]
[Result "0-1"]
[WhiteElo "2279"]
[BlackElo "2410"]
[PlyCount "112"]
[EventDate "2024.04.02"]
[EventType "swiss (blitz)"]
[EventRounds "11"]
[EventCountry "USA"]
[SourceTitle "CBM 219 Extra"]
[Source "ChessBase"]
[SourceDate "2024.05.31"]
[SourceVersion "1"]
[SourceVersionDate "2024.05.31"]
[SourceQuality "1"]

1. e4 e5 2. Nf3 d5 3. Nxe5 Qe7 4. d4 f6 5. Nd3 dxe4 6. Nf4 Qf7 7. Be2 Bd6 8. c4 Nc6 9. Nc3 Nge7 10. Nxe4 Bxf4 11. Bxf4 Bf5 12. Nc3 0-0-0 13. d5 g5 14. Be3 Nb4 15. 0-0 Nc2 16. Rc1 Nxe3 17. fxe3 Kb8 18. e4 Bg6 19. e5 Nf5 20. e6 Qe7 21. Qd2 Qxe6 22. dxe6 Rxd2 23. Bg4 Ne3 24. Bf3 Nxf1 25. Rxf1 Re8 26. Bg4 f5 27. Bxf5 Bxf5 28. Rxf5 c6 29. Re5 Rd6 30. e7 Rd7 31. Rxg5 Rexe7 32. h3 Rd2 33. Na4 b6 34. b4 Rxa2 35. Nc3 Rc2 36. Rg3 Re1+ 37. Kh2 Re7 38. b5 cxb5 39. cxb5 Rd7 40. Rf3 Kb7 41. Ne4 Rc4 42. Nf6 Rf7 43. g4 Rc5 44. h4 h6 45. Kg3 Rxb5 46. Ne4 Rxf3+ 47. Kxf3 Kc6 48. Kf4 Kd7 49. g5 hxg5+ 50. hxg5 Ke7 51. g6 Rb4 52. Kf5 Rxe4 53. g7 Kf7 54. g8Q+ Kxg8 55. Kxe4 Kf7 56. Kd4 Ke7 0-1

[Event "Titled Tuesday intern op 02nd Apr Early"]
[Site "Chess.com INT"]
[Date "2024.04.02"]
[Round "3"]
[White "Donskov, Anatoly"]
[Black "Yelisieiev, Yevhenii"]
[Result "1-0"]
[WhiteElo "2279"]
[BlackElo "2403"]
[PlyCount "73"]
[EventDate "2024.04.02"]
[EventType "swiss (blitz)"]
[EventRounds "11"]
[EventCountry "USA"]
[SourceTitle "CBM 219 Extra"]
[Source "ChessBase"]
[SourceDate "2024.05.31"]
[SourceVersion "1"]
[SourceVersionDate "2024.05.31"]
[SourceQuality "1"]

1. e4 d6 2. d4 Nf6 3. Nc3 e5 4. Nf3 Nbd7 5. Bc4 Be7 6. 0-0 0-0 7. Re1 c6 8. a4 a5 9. h3 Nb6 10. Ba2 Nfd7 11. Be3 exd4 12. Nxd4 Nc5 13. Nf5 Bxf5 14. exf5 Nbxa4 15. Nxa4 Nxa4 16. Qg4 Nc5 17. Rad1 Nd7 18. Bh6 Bf6 19. Rxd6 Kh8 20. Bf4 Re8 21. Red1 Re7 22. Rxf6 gxf6 23. Bh6 Qg8 24. Qh4 Qd8 25. Qh5 Qe8 26. Rd4 Re1+ 27. Kh2 Qe5+ 28. Rf4 Qe7 29. Rh4 Rg8 30. Bxf7 Ne5 31. Bxg8 Kxg8 32. Bd2 Rf1 33. Be3 Rb1 34. Rd4 Rxb2 35. Qd1 Kf7 36. Rd8 Rb4 37. Bh6 1-0

[Event "Titled Tuesday intern op 26th Mar Early"]
[Site "Chess.com INT"]
[Date "2024.03.26"]
[Round "11"]
[White "Domingo Nunez, Alejandro"]
[Black "Donskov, Anatoly"]
[Result "1-0"]
[WhiteElo "2316"]
[BlackElo "2279"]
[PlyCount "95"]
[EventDate "2024.03.26"]
[EventType "swiss (blitz)"]
[EventRounds "11"]
[EventCountry "USA"]
[SourceTitle "EXT 2025"]
[Source "ChessBase"]
[SourceDate "2024.10.14"]
[SourceVersion "1"]
[SourceVersionDate "2024.10.14"]
[SourceQuality "1"]

1. Nf3 Nf6 2. g3 d5 3. Bg2 c6 4. 0-0 Bf5 5. b3 e6 6. Bb2 h6 7. d3 Nbd7 8. Nbd2 Be7 9. Ne5 0-0 10. e4 Bh7 11. Qe2 Nxe5 12. Bxe5 Nd7 13. Bb2 Bf6 14. Bxf6 Qxf6 15. f4 a5 16. a4 Rad8 17. Nf3 Rfe8 18. Rad1 b6 19. Kh1 Qe7 20. g4 dxe4 21. dxe4 Nc5 22. Ne5 Qc7 23. Qe3 Rxd1 24. Rxd1 Rd8 25. Rd4 g5 26. f5 Re8 27. Nc4 exf5 28. Nd6 Re6 29. Nxf5 Bxf5 30. gxf5 Re5 31. Qh3 Kh7 32. Qh5 Qe7 33. Qg4 Nd7 34. Qe2 Nf6 35. Qd3 Ng4 36. Kg1 Rc5 37. h3 Ne5 38. Qd2 Qf6 39. Rd6 Rxc2 40. Qd4 Rc1+ 41. Kh2 c5 42. Qd5 Nf3+ 43. Bxf3 Qb2+ 44. Bg2 Kg7 45. Rd7 Qf6 46. Rd6 Qa1 47. e5 Qb1 48. e6 1-0

[Event "Titled Tuesday intern op 26th Mar Early"]
[Site "Chess.com INT"]
[Date "2024.03.26"]
[Round "5"]
[White "Donskov, Anatoly"]
[Black "Andreev, Konstantin1"]
[Result "1/2-1/2"]
[WhiteElo "2279"]
[BlackElo "2246"]
[PlyCount "225"]
[EventDate "2024.03.26"]
[EventType "swiss (blitz)"]
[EventRounds "11"]
[EventCountry "USA"]
[SourceTitle "EXT 2025"]
[Source "ChessBase"]
[SourceDate "2024.10.14"]
[SourceVersion "1"]
[SourceVersionDate "2024.10.14"]
[SourceQuality "1"]

1. e4 c5 2. Nf3 e6 3. d4 cxd4 4. Nxd4 Nc6 5. c4 Nf6 6. Nc3 Bb4 7. Qd3 Qa5 8. Bd2 Qb6 9. Nb3 0-0 10. Be2 a6 11. 0-0 Qc7 12. Rad1 b6 13. Bg5 Be7 14. Nd2 h6 15. Bh4 Bb7 16. b3 Rfd8 17. Rfe1 d5 18. exd5 Nb4 19. Qh3 exd5 20. Bg3 Qc5 21. Na4 Qc6 22. Bf3 Re8 23. cxd5 Nfxd5 24. Nc4 b5 25. Ne5 Qf6 26. Ng4 Qg5 27. Re5 f5 28. Rxf5 Qg6 29. Ne5 Qe6 30. Bg4 Nf6 31. Rxf6 Qxf6 32. Be6+ Kh7 33. Bf5+ Kh8 34. Ng6+ Kg8 35. Nb6 Rad8 36. Rf1 Bc5 37. Nd7 Qc6 38. Nde5 Qd5 39. Bg4 Ba8 40. Qh5 Nd3 41. Bf3 Qd4 42. Qf5 Bxf3 43. gxf3 Rxe5 44. Nxe5 Nxe5 45. Bxe5 Qd7 46. Qe4 Qe7 47. f4 Re8 48. Kh1 Qe6 49. Rg1 Re7 50. Qg2 Qd7 51. Qg4 Qxg4 52. Rxg4 Rd7 53. Kg2 Kf8 54. Kf3 Bb6 55. Ke4 Bxf2 56. f5 Bc5 57. f6 gxf6 58. Bxf6 Kf7 59. Kf5 Rd5+ 60. Be5 Bd6 61. Re4 Rc5 62. h4 Bc7 63. h5 a5 64. a3 a4 65. bxa4 bxa4 66. Re2 Rb5 67. Re3 Ke7 68. Re4 Kf7 69. Re3 Bb6 70. Re1 Rb3 71. Rf1 Rxa3 72. Ke4+ Ke7 73. Bf6+ Ke6 74. Bg7 Bd8 75. Bxh6 Rh3 76. Be3 a3 77. h6 Be7 78. Rb1 Bf6 79. Rb6+ Kf7 80. h7 Rxh7 81. Ra6 Bb2 82. Ra7+ Kg6 83. Ra6+ Kh5 84. Kd3 Rc7 85. Bd4 Kg4 86. Bxb2 axb2 87. Rb6 Rd7+ 88. Kc2 Kf3 89. Rxb2 Ke2 90. Rb3 Rc7+ 91. Kb2 Ra7 92. Ra3 Rc7 93. Rb3 Rh7 94. Rc3 Kd2 95. Rc2+ Kd3 96. Rc3+ Kd4 97. Rg3 Rh2+ 98. Kb3 Rh4 99. Kb2 Kc4 100. Rc3+ Kb4 101. Rb3+ Kc5 102. Rc3+ Kd4 103. Rb3 Rh2+ 104. Ka3 Kc4 105. Rb4+ Kc5 106. Rb3 Rh1 107. Rc3+ Kb5 108. Rb3+ Kc4 109. Rb4+ Kc5 110. Rb3 Rh2 111. Rc3+ Kb5 112. Rb3+ Ka5 113. Rc3 1/2-1/2

[Event "Titled Tuesday intern op 26th Mar Early"]
[Site "Chess.com INT"]
[Date "2024.03.26"]
[Round "1"]
[White "Donskov, Anatoly"]
[Black "Arabidze, Meri"]
[Result "1-0"]
[WhiteElo "2279"]
[BlackElo "2458"]
[PlyCount "93"]
[EventDate "2024.03.26"]
[EventType "swiss (blitz)"]
[EventRounds "11"]
[EventCountry "USA"]
[SourceTitle "EXT 2025"]
[Source "ChessBase"]
[SourceDate "2024.10.14"]
[SourceVersion "1"]
[SourceVersionDate "2024.10.14"]
[SourceQuality "1"]

1. e4 e5 2. Nf3 Nc6 3. Nc3 Nf6 4. d4 exd4 5. Nxd4 Bb4 6. Nxc6 bxc6 7. Bd3 d5 8. exd5 cxd5 9. 0-0 0-0 10. h3 h6 11. Qf3 c6 12. Bf4 Bd6 13. Ne2 Rb8 14. b3 c5 15. Rad1 Bb7 16. Bxd6 Qxd6 17. Qf4 Rbd8 18. Qxd6 Rxd6 19. Nf4 Rfd8 20. Rfe1 c4 21. Bf1 c3 22. Rd4 Ne4 23. Re3 g5 24. Ne2 f5 25. Nxc3 f4 26. Red3 Nc5 27. Rd1 Ne6 28. R4d2 a6 29. Ne4 Rb6 30. Nf6+ Kf7 31. Nxd5 Rbd6 32. c4 Nc7 33. Be2 a5 34. Bf3 Ne6 35. Kf1 Nc5 36. Ke1 Kg7 37. Re2 Kf8 38. Rd4 Ne6 39. Rde4 Nc5 40. Re7 Bc6 41. Kd2 Na6 42. Kc3 Nc5 43. Rh7 R8d7 44. Rh8+ Kg7 45. Ree8 Ne6 46. Reg8+ Kf7 47. Bh5# 1-0

[Event "Titled Tuesday intern op 26th Mar Early"]
[Site "Chess.com INT"]
[Date "2024.03.26"]
[Round "8"]
[White "Donskov, Anatoly"]
[Black "Aradhya, Garg"]
[Result "1/2-1/2"]
[WhiteElo "2279"]
[BlackElo "2385"]
[PlyCount "146"]
[EventDate "2024.03.26"]
[EventType "swiss (blitz)"]
[EventRounds "11"]
[EventCountry "USA"]
[SourceTitle "EXT 2025"]
[Source "ChessBase"]
[SourceDate "2024.10.14"]
[SourceVersion "1"]
[SourceVersionDate "2024.10.14"]
[SourceQuality "1"]

1. e4 e5 2. Nf3 Nc6 3. Nc3 Nf6 4. d4 Bb4 5. d5 Ne7 6. Bd3 d6 7. 0-0 Bxc3 8. bxc3 0-0 9. c4 Ng6 10. Re1 Re8 11. Nd2 Bg4 12. f3 Bd7 13. Nf1 b6 14. Ne3 h5 15. Bf1 h4 16. Re2 a6 17. Bd2 b5 18. cxb5 axb5 19. Be1 Nh5 20. Rd2 Nf6 21. Bf2 Qb8 22. c3 Ra3 23. Rb2 Qa8 24. Bxb5 Bxb5 25. Rxb5 Rxa2 26. Rxa2 Qxa2 27. Qb1 Qd2 28. Qc2 Qxc2 29. Nxc2 Rc8 30. g3 c6 31. dxc6 Rxc6 32. Rb8+ Kh7 33. Be1 hxg3 34. hxg3 Ra6 35. Rb2 Nf8 36. Kf2 Ne6 37. Ke2 Nc5 38. Bf2 Rc6 39. Bxc5 Rxc5 40. Kd3 d5 41. Ne3 dxe4+ 42. fxe4 Kg6 43. c4 Nh5 44. Rb5 Rc8 45. Rxe5 Nxg3 46. c5 f6 47. Rd5 Nh5 48. Kc4 Nf4 49. Rf5 Ne6 50. Nc2 Kf7 51. Nd4 Nxd4 52. Kxd4 Ke6 53. Rd5 Ke7 54. Kc4 g5 55. Kb5 g4 56. c6 g3 57. Rd7+ Ke6 58. Rg7 Kd6 59. Rxg3 Rxc6 60. e5+ Kd5 61. Rd3+ Kxe5 62. Kxc6 f5 63. Kc5 f4 64. Rd8 Ke4 65. Re8+ Kd3 66. Rd8+ Ke3 67. Rf8 f3 68. Kc4 f2 69. Kc3 Ke2 70. Re8+ Kd1 71. Rd8+ Ke2 72. Rd2+ Ke1 73. Rxf2 Kxf2 1/2-1/2

[Event "Titled Tuesday intern op 08th Aug Early"]
[Site "Chess.com INT"]
[Date "2023.08.08"]
[Round "2"]
[White "Donskov, Anatoly"]
[Black "Akobian, Varuzhan"]
[Result "0-1"]
[WhiteElo "2279"]
[BlackElo "2582"]
[PlyCount "62"]
[EventDate "2023.08.08"]
[EventType "swiss (blitz)"]
[EventRounds "11"]
[EventCountry "USA"]
[SourceTitle "EXT 2024"]
[Source "ChessBase"]
[SourceDate "2023.10.10"]
[SourceVersion "1"]
[SourceVersionDate "2023.10.10"]
[SourceQuality "1"]

1. e4 d6 2. d4 Nf6 3. Nc3 c6 4. a4 Qc7 5. h3 e5 6. Nf3 Be7 7. Be3 0-0 8. Bd3 Nbd7 9. 0-0 b6 10. Re1 a6 11. Ne2 Re8 12. c3 Bf8 13. Ng3 Bb7 14. b4 b5 15. a5 exd4 16. cxd4 c5 17. bxc5 dxc5 18. d5 c4 19. Bb1 Nc5 20. Bd4 Nfd7 21. e5 Bxd5 22. Ng5 g6 23. Qg4 Nxe5 24. Qh4 f6 25. N5e4 Nxe4 26. Bxe4 Rad8 27. Qxf6 Bg7 28. Qh4 Bxe4 29. Rxe4 Nd3 30. Bxg7 Qxg7 31. Rae1 Nxe1 0-1

[Event "Titled Tuesday intern op 25th Jul Early"]
[Site "Chess.com INT"]
[Date "2023.07.25"]
[Round "4"]
[White "Donskov, Anatoly"]
[Black "Vlassov, Nikolai"]
[Result "1/2-1/2"]
[WhiteElo "2279"]
[BlackElo "2283"]
[PlyCount "135"]
[EventDate "2023.07.25"]
[EventType "swiss (blitz)"]
[EventRounds "11"]
[EventCountry "USA"]
[SourceTitle "EXT 2024"]
[Source "ChessBase"]
[SourceDate "2023.10.10"]
[SourceVersion "1"]
[SourceVersionDate "2023.10.10"]
[SourceQuality "1"]

1. e4 Nc6 2. Nf3 d5 3. exd5 Qxd5 4. Nc3 Qa5 5. h3 Nf6 6. a3 e5 7. Bb5 Bd7 8. 0-0 0-0-0 9. Ng5 Nd4 10. Bc4 Be6 11. Bxe6+ fxe6 12. Nf7 Bd6 13. Nxh8 Rxh8 14. d3 g6 15. Bg5 Nh5 16. b4 Qa6 17. Ne4 Nf4 18. c3 Nde2+ 19. Kh1 Qxd3 20. Bxf4 Nxf4 21. Qxd3 Nxd3 22. Nxd6+ cxd6 23. Rad1 Nb2 24. Rxd6 Re8 25. c4 Nxc4 26. Rc1 b5 27. a4 Kc7 28. Ra6 Kb7 29. axb5 Nb6 30. Rca1 Nc8 31. Rc6 Nb6 32. g3 Nd5 33. Rb1 e4 34. Re1 Nxb4 35. Rc4 Nd3 36. Re2 Kb6 37. Rcxe4 e5 38. Kg2 Kxb5 39. R2e3 Rd8 40. Re2 a5 41. Ra2 Rd5 42. h4 Nc5 43. Re3 a4 44. g4 e4 45. Rb2+ Kc4 46. Ree2 a3 47. Rbc2+ Kb3 48. Rc1 a2 49. Ra1 Nd3 50. Raxa2 Nf4+ 51. Kg3 Nxe2+ 52. Rxe2 Rd4 53. Kf4 e3+ 54. Kxe3 Rxg4 55. h5 gxh5 56. f4 h4 57. Rh2 h5 58. Ke4 Kc4 59. Ke5 Kd3 60. f5 Re4+ 61. Kd6 Ke3 62. f6 Kf3 63. f7 Rf4 64. Rxh4 Rxf7 65. Rxh5 Rf4 66. Re5 Re4 67. Ke6 Rxe5+ 68. Kxe5 1/2-1/2

[Event "Titled Tuesday intern op 25th Jul Early"]
[Site "Chess.com INT"]
[Date "2023.07.25"]
[Round "1"]
[White "John Veny, Akkarakarn"]
[Black "Donskov, Anatoly"]
[Result "1-0"]
[WhiteElo "2127"]
[BlackElo "2279"]
[PlyCount "55"]
[EventDate "2023.07.25"]
[EventType "swiss (blitz)"]
[EventRounds "11"]
[EventCountry "USA"]
[SourceTitle "EXT 2024"]
[Source "ChessBase"]
[SourceDate "2023.10.10"]
[SourceVersion "1"]
[SourceVersionDate "2023.10.10"]
[SourceQuality "1"]

1. e4 c5 2. Nf3 e6 3. d4 cxd4 4. Nxd4 Nf6 5. Nc3 Nc6 6. Ndb5 Bc5 7. Nd6+ Ke7 8. Bf4 e5 9. Nf5+ Kf8 10. Bg5 d6 11. Ne3 h6 12. Bxf6 Qxf6 13. Ncd5 Qd8 14. Bc4 g6 15. 0-0 Kg7 16. c3 a6 17. b4 Ba7 18. a4 Be6 19. Qd2 Qd7 20. b5 Na5 21. b6 Bb8 22. f4 Nxc4 23. Nxc4 Qc6 24. Nce3 Qc5 25. Kh1 a5 26. f5 Bd7 27. fxg6 fxg6 28. Qf2 1-0

[Event "Titled Tuesday intern op 04th Apr Late"]
[Site "Chess.com INT"]
[Date "2023.04.04"]
[Round "2"]
[White "Donskov, Anatoly"]
[Black "Michalski, Olaf"]
[Result "1-0"]
[WhiteElo "2279"]
[BlackElo "2273"]
[PlyCount "43"]
[EventDate "2023.04.04"]
[EventType "swiss (blitz)"]
[EventRounds "11"]
[EventCountry "USA"]
[SourceTitle "EXT 2024"]
[Source "ChessBase"]
[SourceDate "2023.10.10"]
[SourceVersion "1"]
[SourceVersionDate "2023.10.10"]
[SourceQuality "1"]

1. e4 c5 2. Nf3 a6 3. c4 Nc6 4. d4 cxd4 5. Nxd4 Nf6 6. Nc3 e5 7. Nc2 Bc5 8. Be2 h6 9. 0-0 d6 10. a3 Nd4 11. b4 Nxc2 12. Qxc2 Bd4 13. Be3 Bxe3 14. fxe3 Qb6 15. Qd3 0-0 16. Rad1 Be6 17. h3 Rac8 18. Nd5 Nxd5 19. exd5 Bd7 20. Bg4 f5 21. Bh5 e4 22. Qb3 1-0

[Event "Titled Tuesday intern op 04th Apr Late"]
[Site "Chess.com INT"]
[Date "2023.04.04"]
[Round "1"]
[White "Maksimovic, Bojan"]
[Black "Donskov, Anatoly"]
[Result "1-0"]
[WhiteElo "2486"]
[BlackElo "2279"]
[PlyCount "77"]
[EventDate "2023.04.04"]
[EventType "swiss (blitz)"]
[EventRounds "11"]
[EventCountry "USA"]
[SourceTitle "EXT 2024"]
[Source "ChessBase"]
[SourceDate "2023.10.10"]
[SourceVersion "1"]
[SourceVersionDate "2023.10.10"]
[SourceQuality "1"]

1. Nf3 d5 2. g3 Nf6 3. Bg2 Bf5 4. 0-0 e6 5. c4 c6 6. Qb3 Qb6 7. d3 Nbd7 8. cxd5 exd5 9. Qc2 Be7 10. Nc3 0-0 11. e4 dxe4 12. dxe4 Bg6 13. Be3 Bc5 14. Na4 Bxe4 15. Nxb6 Bxc2 16. Nxd7 Nxd7 17. Bxc5 Nxc5 18. Rfc1 Nb3 19. axb3 Bxb3 20. Nd4 Be6 21. Nxe6 fxe6 22. Bh3 e5 23. Re1 Rfe8 24. Ra5 e4 25. Ra4 Rad8 26. Rxa7 b5 27. Bg2 Rd2 28. Bxe4 Kh8 29. b3 Rb2 30. Rc7 Rxb3 31. Rxc6 b4 32. Kg2 Rb2 33. Bf3 Rf8 34. Rb6 Rb3 35. Bd5 Rb2 36. Bf3 Rb3 37. Re3 Rb2 38. h4 h6 39. h5 1-0

[Event "Titled Tuesday intern op 21st Mar Early"]
[Site "Chess.com INT"]
[Date "2023.03.21"]
[Round "9"]
[White "Donskov, Anatoly"]
[Black "Al Tarbosh, Ward"]
[Result "0-1"]
[WhiteElo "2279"]
[BlackElo "2283"]
[PlyCount "62"]
[EventDate "2023.03.21"]
[EventType "swiss (blitz)"]
[EventRounds "11"]
[EventCountry "USA"]
[SourceTitle "EXT 2024"]
[Source "ChessBase"]
[SourceDate "2023.10.10"]
[SourceVersion "1"]
[SourceVersionDate "2023.10.10"]
[SourceQuality "1"]

1. e4 e6 2. d3 d5 3. Nd2 Nf6 4. g3 b6 5. Bg2 Bb7 6. e5 Nfd7 7. d4 c5 8. c3 Nc6 9. Ne2 Be7 10. 0-0 Qc7 11. a3 h5 12. h3 g5 13. f4 gxf4 14. Rxf4 Bg5 15. Rf2 Be3 16. Nf1 Bxf2+ 17. Kxf2 0-0-0 18. Bf4 Ba6 19. Ne3 h4 20. g4 Bxe2 21. Kxe2 f6 22. Bxd5 exd5 23. Nxd5 Qb7 24. exf6 Nxf6 25. Nxf6 Qe7+ 26. Kf3 Qxf6 27. Qa4 Kb7 28. Re1 Rhf8 29. dxc5 Rd3+ 30. Ke2 Rxh3 31. cxb6 Qxf4 0-1

[Event "Titled Tuesday intern op 21st Mar Late"]
[Site "Chess.com INT"]
[Date "2023.03.21"]
[Round "7"]
[White "Donskov, Anatoly"]
[Black "Marin Posada, Sebastian"]
[Result "1-0"]
[WhiteElo "2279"]
[BlackElo "2269"]
[PlyCount "77"]
[EventDate "2023.03.21"]
[EventType "swiss (blitz)"]
[EventRounds "11"]
[EventCountry "USA"]
[SourceTitle "EXT 2024"]
[Source "ChessBase"]
[SourceDate "2023.10.10"]
[SourceVersion "1"]
[SourceVersionDate "2023.10.10"]
[SourceQuality "1"]

1. e4 e5 2. Nf3 Nc6 3. Bb5 a6 4. Ba4 Nf6 5. Qe2 b5 6. Bb3 Bb7 7. c3 Bc5 8. 0-0 d6 9. Rd1 Qe7 10. d3 h6 11. a4 0-0 12. Nbd2 b4 13. a5 bxc3 14. bxc3 Bc8 15. Nf1 Bd7 16. Ng3 Rab8 17. Bc4 Ra8 18. Nh4 Bg4 19. Nf3 Nh5 20. Nf5 Qf6 21. Bd5 Ne7 22. Nxe7+ Qxe7 23. Bxa8 Rxa8 24. d4 Ba7 25. h3 Bc8 26. Be3 exd4 27. Bxd4 Nf4 28. Qe3 Bxd4 29. cxd4 Qf6 30. e5 dxe5 31. dxe5 Qf5 32. Rd8+ Kh7 33. Rc1 Bb7 34. Rxa8 Bxa8 35. Rxc7 Nxh3+ 36. Kh2 Nf4 37. Rc4 Qh5+ 38. Kg1 Nh3+ 39. gxh3 1-0

[Event "Titled Tuesday intern op 21st Mar Early"]
[Site "Chess.com INT"]
[Date "2023.03.21"]
[Round "4"]
[White "Donskov, Anatoly"]
[Black "Vargas Rodriguez, Wilver"]
[Result "1-0"]
[WhiteElo "2279"]
[BlackElo "2332"]
[PlyCount "57"]
[EventDate "2023.03.21"]
[EventType "swiss (blitz)"]
[EventRounds "11"]
[EventCountry "USA"]
[SourceTitle "EXT 2024"]
[Source "ChessBase"]
[SourceDate "2023.10.10"]
[SourceVersion "1"]
[SourceVersionDate "2023.10.10"]
[SourceQuality "1"]

1. e4 c5 2. Nf3 d6 3. d4 cxd4 4. Nxd4 Nf6 5. Nc3 a6 6. Rg1 g6 7. g4 h5 8. g5 Nfd7 9. f4 Bg7 10. Be3 b5 11. Qd2 Bb7 12. 0-0-0 Nc5 13. Bg2 Nbd7 14. Kb1 Nb6 15. Qf2 Nc4 16. Bc1 Rc8 17. f5 b4 18. Nd5 Bxd5 19. exd5 Ne5 20. Rgf1 0-0 21. f6 exf6 22. gxf6 Ng4 23. fxg7 Nxf2 24. gxf8Q+ Qxf8 25. Rxf2 Qg7 26. Bg5 Nd7 27. Nc6 f6 28. Be3 Ne5 29. Nd4 1-0

[Event "Titled Tuesday intern op 21st Mar Late"]
[Site "Chess.com INT"]
[Date "2023.03.21"]
[Round "8"]
[White "Hon, Eric"]
[Black "Donskov, Anatoly"]
[Result "1-0"]
[WhiteElo "1897"]
[BlackElo "2279"]
[PlyCount "119"]
[EventDate "2023.03.21"]
[EventType "swiss (blitz)"]
[EventRounds "11"]
[EventCountry "USA"]
[SourceTitle "EXT 2024"]
[Source "ChessBase"]
[SourceDate "2023.10.10"]
[SourceVersion "1"]
[SourceVersionDate "2023.10.10"]
[SourceQuality "1"]

1. e4 c5 2. Nf3 e6 3. Nc3 Nc6 4. d4 cxd4 5. Nxd4 Nf6 6. Be3 Bb4 7. f3 d5 8. Nxc6 bxc6 9. e5 Nd7 10. f4 c5 11. a3 Ba5 12. Bd2 0-0 13. Be2 c4 14. Rb1 Bb6 15. Bf3 f6 16. Qe2 fxe5 17. fxe5 Qh4+ 18. g3 Qd4 19. Bf4 Ba5 20. Kf1 Bb7 21. Nb5 Qc5 22. Nd6 Bc6 23. Kg2 h6 24. h4 Rad8 25. Rhd1 Bc7 26. b4 cxb3 27. cxb3 Bxd6 28. exd6 e5 29. Rdc1 Qxd6 30. Qd2 e4 31. Bxd6 exf3+ 32. Kh2 Nf6 33. Bxf8 Ng4+ 34. Kh3 Bd7 35. Qxd5+ Kxf8 36. Qxd7 Rxd7 37. Kxg4 f2 38. Rf1 Rd2 39. Kf3 Ra2 40. Kg2 Rxa3 41. Rxf2+ Kg8 42. Rbf1 Kh7 43. Rf3 Ra2+ 44. R1f2 Ra1 45. Kh3 Rc1 46. h5 Rc5 47. g4 a5 48. Ra2 Rb5 49. Kg3 Rb4 50. Ra4 Rb5 51. b4 axb4 52. Rb3 Rc5 53. Raxb4 Rd5 54. Rb7 Rc5 55. Rf3 Rd5 56. Rff7 Rg5 57. Kf4 Kg8 58. Rfc7 Kh7 59. Rf7 Kg8 60. Rf5 1-0

[Event "Titled Tuesday intern op 21st Mar Early"]
[Site "Chess.com INT"]
[Date "2023.03.21"]
[Round "10"]
[White "Shukhman, Anna"]
[Black "Donskov, Anatoly"]
[Result "0-1"]
[WhiteElo "2166"]
[BlackElo "2279"]
[PlyCount "78"]
[EventDate "2023.03.21"]
[EventType "swiss (blitz)"]
[EventRounds "11"]
[EventCountry "USA"]
[SourceTitle "EXT 2024"]
[Source "ChessBase"]
[SourceDate "2023.10.10"]
[SourceVersion "1"]
[SourceVersionDate "2023.10.10"]
[SourceQuality "1"]

1. e4 c5 2. Nf3 e6 3. d4 cxd4 4. Nxd4 Nf6 5. Nc3 Nc6 6. Nxc6 bxc6 7. e5 Nd5 8. Ne4 Qc7 9. f4 Rb8 10. a3 f5 11. Nf2 Bc5 12. Bd3 0-0 13. 0-0 Ne3 14. Bxe3 Bxe3 15. b3 Bxf4 16. Qh5 Bxe5 17. Rae1 c5 18. Ng4 Bd4+ 19. Kh1 Bb7 20. Qg5 Kh8 21. Rf4 fxg4 22. Qh5 Rf5 23. Rxf5 g6 24. Rf8+ Rxf8 25. Bxg6 d6 26. Bd3 Qg7 27. Rxe6 g3 28. hxg3 Rf2 29. Rh6 Bxg2+ 30. Kh2 Bf3+ 31. Kh3 Bxh5 32. Rxh5 Qd7+ 33. g4 Rf3+ 34. Kh2 Qxg4 35. Rxh7+ Kg8 36. Bc4+ Kxh7 37. Bd3+ Rxd3 38. cxd3 Bf2 39. Kh1 Qg1# 0-1

[Event "Titled Tuesday intern op 14th Feb Early"]
[Site "Chess.com INT"]
[Date "2023.02.14"]
[Round "4"]
[White "Donskov, Anatoly"]
[Black "Csonka, Balazs"]
[Result "1-0"]
[WhiteElo "2279"]
[BlackElo "2496"]
[PlyCount "73"]
[EventDate "2023.02.14"]
[EventType "swiss (blitz)"]
[EventRounds "11"]
[EventCountry "USA"]
[SourceTitle "CBM 212 Extra"]
[Source "ChessBase"]
[SourceDate "2023.03.31"]
[SourceVersion "1"]
[SourceVersionDate "2023.03.31"]
[SourceQuality "1"]

1. e4 e5 2. Nf3 Nc6 3. Bb5 a6 4. Ba4 Nf6 5. Qe2 Be7 6. c3 b5 7. Bb3 0-0 8. 0-0 d5 9. d3 Be6 10. Rd1 Re8 11. Nbd2 h6 12. Nf1 Bd6 13. Ng3 Qd7 14. h3 Rad8 15. Nh4 Bf8 16. Nhf5 Ne7 17. Qf3 Bxf5 18. exf5 c5 19. a4 b4 20. a5 Rb8 21. Ba4 Nc6 22. Bd2 Qd6 23. Re1 Re7 24. cxb4 Nxb4 25. Bc3 d4 26. Bd2 Qd5 27. Qe2 Qb7 28. Rac1 Qc7 29. Bb3 Qxa5 30. Bc4 Qb6 31. Nh5 Nxh5 32. Qxh5 Qf6 33. Re4 Qd6 34. Rg4 Kh7 35. Bxf7 Rb6 36. Bg6+ Kg8 37. Bg5 1-0